<?xml version="1.0" encoding="UTF-8"?>
<record
    xmlns:xsi="http://www.w3.org/2001/XMLSchema-instance"
    xsi:schemaLocation="http://www.loc.gov/MARC21/slim http://www.loc.gov/standards/marcxml/schema/MARC21slim.xsd"
    xmlns="http://www.loc.gov/MARC21/slim">

  <leader>02944nam a2200325   4500</leader>
  <controlfield tag="001">447</controlfield>
  <controlfield tag="003">OSt</controlfield>
  <controlfield tag="005">20250701145036.0</controlfield>
  <controlfield tag="008">250701b        |||||||g |||| 00| j eng d</controlfield>
  <datafield tag="020" ind1=" " ind2=" ">
    <subfield code="a">8532511341</subfield>
  </datafield>
  <datafield tag="040" ind1=" " ind2=" ">
    <subfield code="b">por</subfield>
  </datafield>
  <datafield tag="041" ind1=" " ind2=" ">
    <subfield code="h">eng</subfield>
    <subfield code="a">por</subfield>
  </datafield>
  <datafield tag="082" ind1=" " ind2=" ">
    <subfield code="a">028.5</subfield>
    <subfield code="b">A649i</subfield>
  </datafield>
  <datafield tag="100" ind1="1" ind2=" ">
    <subfield code="a">Applegate, Katherine.</subfield>
    <subfield code="d">1956 -</subfield>
  </datafield>
  <datafield tag="240" ind1=" " ind2=" ">
    <subfield code="a">Animorphs: the visitor</subfield>
  </datafield>
  <datafield tag="245" ind1=" " ind2=" ">
    <subfield code="a">Animorphs:</subfield>
    <subfield code="b">A intrusa /</subfield>
    <subfield code="c">Applegate, Katherine; Tradu&#xE7;&#xE3;o de Cristina Band</subfield>
  </datafield>
  <datafield tag="260" ind1=" " ind2=" ">
    <subfield code="a">Rio de Janeiro</subfield>
    <subfield code="b">Rocco</subfield>
    <subfield code="c">2000</subfield>
  </datafield>
  <datafield tag="300" ind1=" " ind2=" ">
    <subfield code="a">152 p.</subfield>
  </datafield>
  <datafield tag="520" ind1=" " ind2=" ">
    <subfield code="a">Alta, magra, cabelos louros... quando come&#xE7;ou a retornar &#xE0; forma humana, Rachel tinha de fixar em sua mente a imagem que fazia dela mesma. Seu tempo estava se esgotando. Precisava correr. O pr&#xED;ncipe andalita fora claro: duas horas era o tempo limite. Quem ficasse morfado mais do que isso, permaneceria preso no corpo do animal para sempre. Logo as penas que cobriam a &#xE1;guia come&#xE7;aram a se fundir. O bico amarelo transformou-se em dentes, l&#xE1;bios cresceram em volta. Asas viraram bra&#xE7;os. Garras, dedos dos p&#xE9;s. A mente da &#xE1;guia cedeu o controle a Rachel. "Definitivamente n&#xE3;o era nada agrad&#xE1;vel ver algu&#xE9;m morfar."Depois que retornaram &#xE0; forma humana, Rachel e seus amigos Jake, Marco, Cassie e Tobias foram ao local onde poucos dias antes foram alertados sobre a invas&#xE3;o alien&#xED;gena e receberam do andalita poderes especiais. O confronto com os invasores era inevit&#xE1;vel. Era preciso destruir Visser Tr&#xEA;s, o comandante Yeerk que assassinara o pr&#xED;ncipe andalita. Visser Tr&#xEA;s era o &#xFA;nico entre os alien&#xED;genas que tamb&#xE9;m podia morfar. Mas ele era poderoso demais. Espalhava espi&#xF5;es, ou melhor, escravos, por toda a parte... seres humanos foram escravizados por Yeerks alojados em seus c&#xE9;rebros.Rachel, Jake, Marco, Tobias e Cassie j&#xE1; tentaram uma vez acabar com aquele inferno. Mas falharam e mal escaparam com vida. At&#xE9; Chapman, o diretor-assistente da escola, tinha sido dominado pelos Yeerks e agora era um dos mais importantes controladores humanos. Os cinco amigos animorphs tinham que descobrir algum meio de chegar perto dele.Mas &#xE9; claro que havia! Melissa, filha de Chapman, &#xE9; tamb&#xE9;m uma das melhores amigas de Rachel. A id&#xE9;ia de usar a amizade das duas para se aproximar da menina era detest&#xE1;vel. Que rem&#xE9;dio! Se essa era a &#xFA;nica sa&#xED;da, n&#xE3;o tinha jeito mesmo. Dava arrepios s&#xF3; de pensar. O pai de Melissa, um controlador! Ela tamb&#xE9;m seria? Os controladores n&#xE3;o forneciam pistas e a&#xED; &#xE9; que estava o perigo. Ainda assim precisava salv&#xE1;-la das garras dos invasores e extermin&#xE1;-los da Terra.</subfield>
  </datafield>
  <datafield tag="650" ind1=" " ind2="0">
    <subfield code="a">Literatura Americana</subfield>
    <subfield code="9">84</subfield>
  </datafield>
  <datafield tag="650" ind1=" " ind2="0">
    <subfield code="a">Invas&#xE3;o alien&#xED;gena</subfield>
    <subfield code="9">986</subfield>
  </datafield>
  <datafield tag="650" ind1=" " ind2="0">
    <subfield code="a">Adolescentes como her&#xF3;is</subfield>
    <subfield code="9">987</subfield>
  </datafield>
  <datafield tag="650" ind1=" " ind2="0">
    <subfield code="a">Infantojuvenil</subfield>
    <subfield code="9">200</subfield>
  </datafield>
  <datafield tag="650" ind1=" " ind2="0">
    <subfield code="a">Transforma&#xE7;&#xE3;o em animais</subfield>
    <subfield code="9">988</subfield>
  </datafield>
  <datafield tag="655" ind1=" " ind2="0">
    <subfield code="a">Romance</subfield>
    <subfield code="9">23</subfield>
  </datafield>
  <datafield tag="655" ind1=" " ind2="0">
    <subfield code="a">Fic&#xE7;&#xE3;o </subfield>
    <subfield code="9">22</subfield>
  </datafield>
  <datafield tag="700" ind1=" " ind2=" ">
    <subfield code="a">Cristina Band</subfield>
    <subfield code="e">TRADUTOR</subfield>
    <subfield code="9">984</subfield>
  </datafield>
  <datafield tag="830" ind1=" " ind2=" ">
    <subfield code="a">Animorphs </subfield>
    <subfield code="9">985</subfield>
    <subfield code="v">vol. 02</subfield>
  </datafield>
  <datafield tag="942" ind1=" " ind2=" ">
    <subfield code="2">ddc</subfield>
    <subfield code="n">0</subfield>
    <subfield code="c">BK</subfield>
  </datafield>
  <datafield tag="952" ind1=" " ind2=" ">
    <subfield code="0">0</subfield>
    <subfield code="1">0</subfield>
    <subfield code="2">ddc</subfield>
    <subfield code="3">vol. 2</subfield>
    <subfield code="4">0</subfield>
    <subfield code="7">0</subfield>
    <subfield code="8">FIC</subfield>
    <subfield code="a">BIBIB</subfield>
    <subfield code="b">BIBIB</subfield>
    <subfield code="c">IJ</subfield>
    <subfield code="d">2025-07-01</subfield>
    <subfield code="e">doa&#xE7;&#xE3;o</subfield>
    <subfield code="l">0</subfield>
    <subfield code="o">IJ 028.5 / A649i</subfield>
    <subfield code="p">2025-17378</subfield>
    <subfield code="r">2025-07-01 08:45:58</subfield>
    <subfield code="w">2025-07-01</subfield>
    <subfield code="y">BK</subfield>
  </datafield>
  <datafield tag="999" ind1=" " ind2=" ">
    <subfield code="c">447</subfield>
    <subfield code="d">447</subfield>
  </datafield>
</record>
